000 00281nam a2200121Ia 4500
008 190216s9999||||xx |||||||||||||| ||und||
100 _aHelen Woodruffe
245 0 _aServices Marketing
260 _bMacmillan India Ltd
_c2001
300 _a307p
650 _aMarketing
942 _cBK
999 _c6394
_d6394